000 00350nam a2200145 a 4500
005 20140412111257.0
008 100121s19uu xx 00 eng d
020 _a0-439-89610-x
050 _aTR(PS E
_bB26 2007
245 _aLet's go look and see.
260 _aNew York :
_bLyons,
_c2007.
300 _aunp.
440 _aBarney
999 _c103249
_d103249